7-Letter Vocabulary (Hard) Quiz Stats

 Plays Quiz Updated Jun 23, 2017

Support Sporcle.
Go Orange.
Score 0/25 Timer 08:00
1 Play Today
% Correct
android
93.1%
kumquat
91.9%
elation
91.9%
diarchy
91.4%
bailiff
91.3%
abstain
90.1%
yeshiva
88.6%
benzene
85.1%
spelunk
85.1%
quadrat
84.3%
frigate
83.3%
macabre
83.1%
gallant
83.1%
% Correct
abridge
82.7%
allonym
77.5%
xanthan
73.7%
exigent
73.6%
inertia
71.9%
tangram
71.6%
praetor
71.1%
phoneme
66.6%
pinguid
53%
jussive
51.8%
roulade
41.6%
froward
39.7%

You're not logged in!

Compare scores with friends on all Sporcle quizzes.
OR
Log In
Forgot?

From the Vault

Largest US Cities Ending in 'A'

by jonesjeffum

For no apparent reason, we just started typing Montana, over and over again.
Remove Ads.
Support Sporcle.
Get the best of Sporcle when you Go Orange. This ad-free experience offers more features, more stats, and more fun while also helping to support Sporcle. Thank you for becoming a member.

Show Comments

Extras

Top Quizzes Today


Score Distribution

Your Account Isn't Verified!

In order to create a playlist on Sporcle, you need to verify the email address you used during registration. Go to your Sporcle Settings to finish the process.

Report this User

Report this user for behavior that violates our Community Guidelines.

Details: